| 000 | nam a22 7a 4500 | ||
|---|---|---|---|
| 999 |
_c332124 _d332124 |
||
| 003 | NUST | ||
| 005 | 20171114102127.0 | ||
| 008 | 171114b xxu||||| |||| 00| 0 eng d | ||
| 040 | _c0 | ||
| 082 | _a628 EPA | ||
| 245 | _aHandbook Material Recovery Facilities For Municipal Solid Waste | ||
| 260 |
_aWashington, D.C _bEPA _c1991 |
||
| 300 | _avarious pages | ||
| 500 | _aP.B | ||
| 942 |
_2ddc _cBK _kIESE |
||